| 000 | 00394nam a22001457a 4500 | ||
|---|---|---|---|
| 003 | OSt | ||
| 008 | 210915b ||||| |||| 00| 0 eng d | ||
| 020 | _a9789387973725 | ||
| 082 |
_a630.954 _bZAM/IN |
||
| 100 |
_aZaman,A _95068 |
||
| 245 | _aIntegrated Farming System & Agricultural Sustainability | ||
| 260 |
_aNew Delhi _bNew India Publishing Agency _c2019 |
||
| 300 | _a316 pages | ||
| 942 | _cBK | ||
| 999 |
_c17439 _d17439 |
||